| 000 | 01054nmm a2200313 a 4500 | ||
|---|---|---|---|
| 001 | ocm000924654 | ||
| 003 | TR-IsHL | ||
| 005 | 20201028145620.0 | ||
| 008 | 150110s2014 tu tur | ||
| 007 | cr cn | ||
| 020 | _a9786053311454 | ||
| 035 |
_a924654 _b(N$T) |
||
| 050 | 0 | 4 |
_aPK6561.I19 _bH34 2014 |
| 090 | 0 | 4 |
_aPK6561.I19 _bH34 2014 |
| 100 | 1 | _aHakimelahi, Leila | |
| 245 | 1 | 0 |
_aNe yazık ki! _h[electronic resource] / _cLeila Hakimelahi ; resimleyen Ali Mafakheri ; çeviren Fulya Alikoç |
| 250 | _a1. bs. | ||
| 260 |
_aİstanbul : _bEvrensel Basım Yayın, _c2014 |
||
| 300 | _a29 p. | ||
| 500 |
_aÖzgün eseradı: It Is a pity that! _x |
||
| 650 | 4 | _aDil ve Edebiyat | |
| 650 | 4 | _aLanguage and Literature | |
| 650 | 0 | _aÇocuk edebiyatı, Farsça | |
| 650 | 0 | _aChildren literature, Persian | |
| 650 | 7 |
_aJUVENILE FICTION / Historical / Middle East _2bisacsh |
|
| 700 | 1 | _aMafakheri, Ali | |
| 700 | 1 | _aAlikoç, Fulya | |
| 856 | 4 | 0 | _uhttp://search.ebscohost.com/login.aspx?direct=true&scope=site&db=e011xww&AN=924654 |
| 999 |
_c10043 _d10043 |
||